000 00914nam a2200241Ia 4500
003 OSt
005 20220923222047.0
006 a|||||r|||| 00| 0
007 ta
008 220922b |||||||| |||| 00| 0 hin d
024 _a202,813
037 _cTextual
040 _aARTS
_cARTS
_bhin
041 _2hin
_ahin
082 _aO157,3M76,23, 152H81
100 _aचट्टोपाध्याय, शरत्चन्द्; शर्मा, कामताप्रसाद राय, अनु.
_9165811
245 0 _aदेना पावना
246 _aDenā pāvanā
260 _c2011
650 _aबंगाली साहित्य
_9156264
942 _hO157,3M76,23, 152H81
_cTEXL
_2CC
999 _c353614
_d353614